<?xml version="1.0" encoding="UTF-8"?>
<record
    xmlns:xsi="http://www.w3.org/2001/XMLSchema-instance"
    xsi:schemaLocation="http://www.loc.gov/MARC21/slim http://www.loc.gov/standards/marcxml/schema/MARC21slim.xsd"
    xmlns="http://www.loc.gov/MARC21/slim">

  <leader>00860nam a2200217Ia 4500</leader>
  <controlfield tag="003">OSt</controlfield>
  <controlfield tag="005">20250530092613.0</controlfield>
  <controlfield tag="008">210719s2009    xx            000 0 und d</controlfield>
  <datafield tag="040" ind1=" " ind2=" ">
    <subfield code="c">AL</subfield>
  </datafield>
  <datafield tag="041" ind1=" " ind2=" ">
    <subfield code="a">kannada</subfield>
  </datafield>
  <datafield tag="082" ind1=" " ind2=" ">
    <subfield code="a">322.42K PRAK</subfield>
  </datafield>
  <datafield tag="100" ind1=" " ind2=" ">
    <subfield code="a">PRAJATANTRIKA JANARA VEDIKE</subfield>
    <subfield code="d">&#xCAA;&#xCCD;&#xCB0;&#xC9C;&#xCBE;&#xCA4;&#xCBE;&#xC82;&#xCA4;&#xCCD;&#xCB0;&#xCBF;&#xC95; &#xC9C;&#xCA8;&#xCB0; &#xCB5;&#xCC7;&#xCA6;&#xCBF;&#xC95;&#xCC6;  </subfield>
    <subfield code="9">211700</subfield>
  </datafield>
  <datafield tag="245" ind1=" " ind2=" ">
    <subfield code="a">Kandamalninda karavaliyavarege: sanghaparivardavara karala mukha</subfield>
    <subfield code="b">&#xC95;&#xC82;&#xCA6;&#xCAE;&#xCBE;&#xCB2;&#xCCD; &#xCA8;&#xCBF;&#xC82;&#xCA6; &#xC95;&#xCB0;&#xCBE;&#xCB5;&#xCB3;&#xCBF;&#xCAF;&#xCB5;&#xCB0;&#xCC6;&#xC97;&#xCC6; : &#xCB8;&#xC82;&#xC98;&#xCAA;&#xCB0;&#xCBF;&#xCB5;&#xCBE;&#xCB0;&#xCA6;&#xCB5;&#xCB0; &#xC95;&#xCB0;&#xCBE;&#xCB3; &#xCAE;&#xCC1;&#xC96; </subfield>
  </datafield>
  <datafield tag="260" ind1=" " ind2=" ">
    <subfield code="a">Bengaluru</subfield>
    <subfield code="c">2009</subfield>
  </datafield>
  <datafield tag="300" ind1=" " ind2=" ">
    <subfield code="a">72</subfield>
    <subfield code="b">PB</subfield>
  </datafield>
  <datafield tag="365" ind1=" " ind2=" ">
    <subfield code="b">25</subfield>
    <subfield code="c">Rs</subfield>
  </datafield>
  <datafield tag="650" ind1=" " ind2=" ">
    <subfield code="a">Relation of State</subfield>
    <subfield code="9">211701</subfield>
  </datafield>
  <datafield tag="650" ind1=" " ind2=" ">
    <subfield code="a">Relation of State</subfield>
    <subfield code="9">211701</subfield>
  </datafield>
  <datafield tag="906" ind1=" " ind2=" ">
    <subfield code="a">Kandamalninda ; karala ; karavaliyavarege: ; moral policing ; mukha ; sanghaparivardavara</subfield>
  </datafield>
  <datafield tag="942" ind1=" " ind2=" ">
    <subfield code="2">ddc</subfield>
    <subfield code="c">BK</subfield>
  </datafield>
  <datafield tag="999" ind1=" " ind2=" ">
    <subfield code="c">215863</subfield>
    <subfield code="d">215863</subfield>
  </datafield>
  <datafield tag="952" ind1=" " ind2=" ">
    <subfield code="0">0</subfield>
    <subfield code="1">0</subfield>
    <subfield code="2">ddc</subfield>
    <subfield code="4">0</subfield>
    <subfield code="7">0</subfield>
    <subfield code="8">PS</subfield>
    <subfield code="a">AL</subfield>
    <subfield code="b">AL</subfield>
    <subfield code="d">2019-03-14</subfield>
    <subfield code="e">General Annual</subfield>
    <subfield code="g">25.00</subfield>
    <subfield code="l">0</subfield>
    <subfield code="o">322.42K PRAK</subfield>
    <subfield code="p">D04497</subfield>
    <subfield code="r">2021-07-19 00:00:00</subfield>
    <subfield code="w">2021-07-19</subfield>
    <subfield code="y">DB</subfield>
  </datafield>
</record>
